|
|
|
|
| LEADER |
00000nam a2200000 a 4500 |
| 001 |
vtls010025013 |
| 003 |
SK-MaSNL |
| 005 |
20260301142519.0 |
| 008 |
251029s2009 gw a n 000 0dger |
| 015 |
|
|
|a SNBZSA2010-00817
|
| 020 |
|
|
|a 9783865606648
|q (viaz.)
|
| 035 |
|
|
|a A6E65F58-EBE5-4795-8A64-1FD1B7911437
|
| 035 |
|
|
|a urn:nbn:sk:snk-aml9z1
|
| 035 |
|
|
|a urn:nbn:sk:snk-am008r1s
|
| 040 |
|
|
|a SNK
|b slo
|c SNK
|e AACR2
|
| 041 |
0 |
|
|a ger
|
| 044 |
|
|
|a gw
|c DE
|
| 072 |
|
7 |
|a 7.01/.09
|x Umenie
|2 konspekt
|
| 080 |
|
|
|a 75/76
|x (091)
|x (083.824)
|2 2001
|
| 080 |
|
|
|a 76.071.1
|x (73)
|2 2001
|
| 110 |
2 |
|
|a Ludwig-Forum für Internationale Kunst (Aachen, Nemecko)
|4 aut
|9 498208
|
| 245 |
1 |
0 |
|a Von Warhol bis Pettibon
|b [Ausstellung im Ludwig-Forum für Internationale Kunst, Aachen vom 27.06.-30.08.2009]
|c Ludwig-Forum für Internationale Kunst, Aachen ; [Autoren Brigitte Franzen ... [et al.]]
|
| 260 |
|
|
|a Köln
|b Walther König
|c c2009
|
| 300 |
|
|
|a 144 s.
|b fareb. ilustr.
|c 24 cm
|
| 490 |
1 |
|
|a Ludwigs Grafik
|v 1
|
| 500 |
|
|
|a 1000 výt.
|
| 504 |
|
|
|a Bibliogr.
|
| 600 |
1 |
7 |
|a Ludwig, Peter
|2 snkph
|9 498209
|
| 650 |
0 |
7 |
|a zberatelia umenia
|2 snkph
|9 132848
|
| 650 |
0 |
7 |
|a umelecké zbierky
|2 snkph
|9 2982
|
| 650 |
0 |
7 |
|a grafika
|x dejiny
|z Spojené štáty americké
|2 snkph
|9 498210
|
| 655 |
|
7 |
|a štúdie
|2 snkph
|9 57033
|
| 655 |
|
7 |
|a katalógy výstav
|2 snkph
|9 70445
|
| 700 |
1 |
|
|a Franzen, Brigitte
|4 aut
|9 498211
|
| 700 |
1 |
|
|a Thiemann, Barbara
|4 aut
|9 498212
|
| 700 |
1 |
|
|a Lagler, Annette
|4 aut
|9 498213
|
| 700 |
1 |
|
|a Kroll, Myriam
|4 aut
|9 498214
|
| 710 |
2 |
|
|a Ludwig-Forum für Internationale Kunst (Aachen, Nemecko)
|4 edt
|9 498208
|
| 830 |
|
0 |
|a Ludwigs Grafik
|9 498215
|
| 919 |
|
|
|a 978-3-86560-664-8
|
| 958 |
|
|
|a ZS
|
| 958 |
|
|
|a BX
|
| 958 |
|
|
|a US
|
| 958 |
|
|
|a DE
|
| 958 |
|
|
|a NB
|
| 999 |
|
|
|c 770461
|d 772391
|
| 952 |
|
|
|a SNK
|b SNK
|y PREZ
|7 0
|p 17A0641126
|o snkSC 138531
|i snk2010/287
|8 2
|g 24.00
|0 0
|1 0
|4 0
|d 2009-11-25
|f 1
|l 0
|r 2017-06-30 00:00:00
|w 2026-02-24
|